=LDR 00000nam 2200000 4500 =001 INLIS000000000051380 =005 20221028021755 =035 ##$$a 0010-0917000184 =007 ta =008 221028################g##########0#ind## =020 ##$$a 978-602-317-041-8 =082 ##$$a 297.51 =084 ##$$a 297.51 NUR k =100 #$$a Nur Sillaturohmah =245 1#$$a Kisah islami pengantar tidur terbaik sepanjang masa /$c Nur Sillaturohmah =260 ##$$a Surakarta :$b Al-Qudwah Publishing,$c 2015 =300 ##$$a 183 hlm : $b ilus ; $c 2015 =500 ##$$a Biografi : hlm. 183 =650 #4$$a Akhlak - Cerita Islam =990 ##$$a 21703215 =990 ##$$a 21703214 =990 ##$$a 21703213 =990 ##$$a 21703212 =990 ##$$a 21703211